Music Quiz

Random Music or Song Quiz
Score 0/40 Timer 09:00
0 Plays Today
Year Song % Correct
1987Bad
85.5%
1983Beat It
81.7%
1992Baby Got Back
75.1%
1975Bohemian Rhapsody
68.9%
1980Back In Black
68%
2005Bad Day
63.9%
1999Believe
63.1%
1967Brown Eyed Girl
60.2%
2005Boulevard of Broken Dreams
54.4%
1968Born To Be Wild
54.4%
1975Born To Run
53.5%
1977Barracuda
51.5%
1970Bridge Over Troubled Water
49.8%
2000Breathe
44%
2007Big Girls Don't Cry
43.2%
2007Before He Cheats
41.5%
1969Bad Moon Rising
39.4%
1981Bette Davis Eyes
38.6%
1982Bad To The Bone
38.6%
1956Blue Suede Shoes
32.4%
Year Song % Correct
1964Baby Love
30.3%
2001Bootylicious
29%
1956Blueberry Hill
28.6%
1967Break On Through
28.2%
1975Baby I Love Your Way
27%
1977Brick House
26.1%
2000Bent
25.7%
2005Because Of You
23.2%
1981Burnin For You
22%
1968Build Me Up Buttercup
20.7%
1987Brass Monkey
17.8%
1957Bye Bye Love
16.6%
1962Breaking Up Is Hard To Do
15.8%
1963Blowin In The Wind
15.4%
2004Breaking The Habit
14.9%
1978Beast of Burden
14.5%
1983Break My Stride
13.3%
1968Back In The USSR
13.3%
1978Boogie Shoes
12%
1974Best Of My Love
10.8%
Remove Ads.
Support Sporcle.
Get the best of Sporcle when you Go Orange. This ad-free experience offers more features, more stats, and more fun while also helping to support Sporcle. Thank you for becoming a member.

You're not logged in!

Compare scores with friends on all Sporcle quizzes.
OR
Log In

Show Comments

Extras

Created Sep 26, 2009ReportNominate
Tags:Singers Quiz, Song Quiz, start

Top Quizzes Today


Score Distribution

Your Account Isn't Verified!

In order to create a playlist on Sporcle, you need to verify the email address you used during registration. Go to your Sporcle Settings to finish the process.

Report this User

Report this user for behavior that violates our Community Guidelines.

Details: